000 00306nam a2200145Ia 4500
100 _aZamir Saba
942 _cBK
654 _aC++
245 _aC++ Primer for Non Programmers
260 _bMc Graw Hill
_aNew york
_c1995
082 _a5.133
_bZAM
300 _a331
546 _aENGLISH
999 _c32701
_d32701